Statistics for Superior superman quiz

Click here to take the quiz!

General Stats

  • This quiz has been taken 6 times
    (2 since last reset)
  • The average score is 8 of 13

Answer Stats

HintAnswer% Correct
what is supermans real nameClark kent
100%
what franchise is he inDC
100%
what planet is he fromKrypton
100%
whats his weaknesskryptonite
100%
who is supermans cousinsupergirl
100%
how many movies does he have12
50%
how many powers does he have8
50%
what hero group is he inJustice League
50%
Arch nemisisLex Luthor
50%
wife's nameLois
50%
when dd he first apear1939
0%
supermans dogKrypto
0%
superman nicknameMan of steel
0%

Score Distribution

Percentile by Number Answered

Percent of People with Each Score

Your Score History

You have not taken this quiz since the last reset